Kaleidoscope eclectic reflexions (Record no. 535101)

000 -LEADER
fixed length control field 00372nam a22001337a 4500
020 ## - INTERNATIONAL STANDARD BOOK NUMBER
International Standard Book Number 9789695810552
082 ## - DEWEY DECIMAL CLASSIFICATION NUMBER
Classification number 813.54
100 ## - MAIN ENTRY--PERSONAL NAME
Personal name Mustayeen Ahmed Khan
245 ## - TITLE STATEMENT
Title Kaleidoscope eclectic reflexions
Statement of responsibility, etc. Mustayeen Ahmed Khan
260 ## - PUBLICATION, DISTRIBUTION, ETC.
Place of publication, distribution, etc. Lahore
Name of publisher, distributor, etc. Ajmal Publications
Date of publication, distribution, etc. 2010
300 ## - PHYSICAL DESCRIPTION
Extent 160p
942 ## - ADDED ENTRY ELEMENTS (KOHA)
Source of classification or shelving scheme
Koha item type Book
Holdings
Withdrawn status Lost status Source of classification or shelving scheme Damaged status Not for loan Permanent Location Current Location Shelving location Date acquired Source of acquisition Total Checkouts Full call number Barcode Date last seen Date last checked out Price effective from Koha item type
          Central Library (CL) Central Library (CL) Fiction 08/28/2020 Donation 1 813.54 MUS CL-D-1004 07/02/2025 06/04/2025 08/28/2020 Book
© 2023 Central Library, National University of Sciences and Technology. All Rights Reserved.